Statistics for Characters I want in Super Smash Bros

Click here to take the quiz!

General Stats

  • This quiz has been taken 381 times
  • The average score is 11 of 17

Answer Stats

HintCharacter% Correct
Wario’s partner in crimeWaluigi
95%
Another of DK’s friends. He was absolutely broken in Mario Kart Wii.Funky Kong
83%
Blocky world resident (he is equally blocky)Steve
82%
This Kirby character fights using a spearBandana Waddle Dee
81%
One of Donkey Kong’s friends. She even had her own game!Dixie Kong
80%
Magikoopa that raised BowserKamek
75%
Female avatar from above gameAlex
74%
This bear-and-bird duo definitely DOES NOT have a third gameBanjo-Kazooie
74%
From ARMS, this character can punch over long distancesSpring Man
66%
If he gets in, you’re gonna have a bad timeSans
65%
Inkling equivalent of the Octarian raceOctoling
64%
Previous president of Nintendo of AmericaReggie Fils-Aime
60%
The grass snake Pokémon of UnovaSnivy
57%
Released in 2004, this console is Nintendo’s best selling console everDS
49%
Original protagonist of the Mother seriesNinten
47%
The prince of Patch LandPrince Fluff
21%
Sailor accompanying Link in Phantom HourglassLinebeck
19%

Score Distribution

Percentile by Number Answered

Percent of People with Each Score

Your Score History

You have not taken this quiz